[Event "GER-chT U12"]
[Site "Gross Doelln"]
[Date "2010.12.29"]
[Round "6.3"]
[White "Schirmer, Christoph"]
[Black "Ramien, David"]
[Result "0-1"]
[WhiteElo "1086"]
[BlackElo "1237"]
[PlyCount "68"]
[EventDate "2010.12.27"]
[EventType "team-swiss"]
[EventRounds "7"]
[EventCountry "GER"]
[SourceTitle "CBM 140 Extra"]
[Source "ChessBase"]
[SourceDate "2011.03.01"]
[SourceVersion "1"]
[SourceVersionDate "2011.03.01"]
[SourceQuality "1"]
[WhiteTeam "Breitenworbis U12"]
[BlackTeam "Porz SG U12"]
[WhiteTeamCountry "GER"]
[BlackTeamCountry "GER"]

1. e4 c5 2. c4 Nc6 3. Nc3 d6 4. g3 g6 5. Bg2 Bg7 6. Nge2 e6 7. 0-0 Nge7 8. d3 0-0 9. Be3 Nd4 10. Qd2 Re8 11. Bh6 Bh8 12. Nxd4 cxd4 13. Ne2 e5 14. f4 f5 15. fxe5 dxe5 16. exf5 Nxf5 17. Bd5+ Be6 18. Bxe6+ Rxe6 19. Bg5 Bf6 20. Bxf6 Rxf6 21. Qg5 Rf8 22. Qxd8 Raxd8 23. g4 Ne3 24. Rxf8+ Rxf8 25. g5 Rf5 26. h4 Rf3 27. b4 Nc2 28. Rf1 Rxd3 29. b5 Rh3 30. h5 Rxh5 31. Rf2 Rxg5+ 32. Kh1 Rf5 33. Rg2 Ne3 34. Rg1 Rh5# 0-1

[Event "GER-ch U10"]
[Site "Willingen"]
[Date "2009.06.04"]
[Round "8"]
[White "Schirmer, Christoph"]
[Black "Schmidt, Tobias"]
[Result "0-1"]
[WhiteElo "1092"]
[BlackElo "1205"]
[PlyCount "94"]
[EventDate "2009.05.30"]
[EventType "swiss"]
[EventRounds "11"]
[EventCountry "GER"]
[SourceTitle "EXT 2010"]
[Source "ChessBase"]
[SourceDate "2010.11.25"]
[SourceVersion "1"]
[SourceVersionDate "2010.11.25"]
[SourceQuality "1"]

1. e4 e6 2. d4 d5 3. e5 c5 4. c3 Nc6 5. a3 Qb6 6. Nf3 Nh6 7. b4 cxd4 8. cxd4 Nf5 9. Be3 f6 10. Bd3 Nxe3 11. fxe3 Be7 12. 0-0 fxe5 13. Nxe5 Nxe5 14. dxe5 Qxe3+ 15. Kh1 Qxe5 16. Ra2 Bd7 17. Rc2 Rc8 18. Rcf2 Bf6 19. Qe2 Qxe2 20. Bxe2 0-0 21. Nd2 Bb2 22. Nb3 Rxf2 23. Rxf2 Bxa3 24. b5 Rf8 25. Rxf8+ Kxf8 26. Kg1 Ke7 27. Kf2 e5 28. Ke3 Kd6 29. Nd2 Kc5 30. Nb3+ Kb4 31. Na1 Bc1+ 32. Kf2 Bxb5 33. Nc2+ Kc5 34. Bxb5 Kxb5 35. Ke2 Kc4 36. Kd1 Bf4 37. g3 Bh6 38. h4 d4 39. g4 Bf4 40. Na3+ Kb4 41. Nc2+ Kc3 42. Ne1 e4 43. Ng2 Bg3 44. h5 d3 45. Ne3 Bf2 46. Nf1 e3 47. Kc1 e2 0-1